000 00208nam a22000857a 4500
008 170626b xxu||||| |||| 00| 0 eng d
100 _93669
_aSpence. L
245 _aThe mysteries of Britain
260 _aLondom
_c1995
999 _c7084
_d7084